000 00941nac a22002897a 4500
001 BR8903611
003 BR-BrBNA
005 20240105121002.0
008 230509b bl.|||m| |||| 00| 0 por d
040 _aBR-BrBNA
_bpor
_cBiblioteca Nacional de Agricultura
072 _aF08; F01
090 _a1410 BR8903611
100 1 _aBerger, P.G.
110 1 _aEmpresa de Pesquisa Agropecuaria da Bahia S.A., Salvador (Brasil)
_94094
245 1 _aAvaliacao de linhagens e cultivares de feijao em consorcio com milho, em Irece
260 3 _aSalvador, BA (Brasil):
_c1988.
300 _a3 p.
490 _aComunicado Tecnico - Empresa de Pesquisa Agropecuaria da Bahia S.A. (Brazil)
_vno. 33
_xISSN 0100-4816
650 _aFEIJAO
650 _aVARIEDADE
650 _aCONSORCIACAO DE CULTURA
650 _aMILHO
650 _aRENDIMENTO
650 _aBAHIA
909 _a202312
_bLúcia Elande
_c55
_dLúcia Elande
942 _2AGRIS
_n0
_cMS
999 _c282610
_d282610